01207cam a22002177a 4500001000500000005001700005020001800022040003900040050001400079082000800093100001800101245006300119260005000182300004700232490002400279505000800303520062500311521002000936521002000956650001300976336820250507112647.0 a9781618103277 aBTCTAbengcBTCTAdBIBdOCLCOdDLC00aPZ7.K6668 a8231 aKoontz, Robin10aRumpelstiltskin /cwritten and illustrated by Robin Koontz aVero Beach :bRourke Educational Media,c2013 a24 pages : bcolor illustrations ;c21 cm.0 aLittle birdie books aJ  aAlden promises to build the people of Thatchville new homes after theirs had been blown away in a windstorm. After having some trouble he runs into a beaver who supplies him with bamboo to build the homes in the promise that Alden would not follow him. Needing more bamboo Alden ventures into the forest again and this time the beaver would only give him more bamboo if he could guess his name. When Alden could not, the beaver left and Alden broke his promise and followed the beaver to the bamboo forest. After apologizing for breaking his promise and following the beaver, he decided to supply Alden with more bamboo. a460 bLexile  aJ bRaz-Plus  vFiction